lovelicious:and that'swhat love is/ (Record no. 193376)

MARC details
000 -LEADER
fixed length control field 00514nam a22001817a 4500
005 - DATE AND TIME OF LATEST TRANSACTION
control field 20221025162000.0
010 ## - LCCN (DPL NO)
LC control number ENG-135534
020 ## - INTERNATIONAL STANDARD BOOK NUMBER
Terms of availability 195.00
International Standard Book Number 9789382524267
035 ## - SYSTEM CONTROL NUMBER
System control number EN-119066
037 ## - SOURCE OF ACQUISITION
Source of stock number/acquisition DBAD/PUB
082 ## - DEWEY DECIMAL CLASSIFICATION NUMBER
Classification number N
100 ## - MAIN ENTRY--PERSONAL NAME
Personal name Arora, anmol
245 ## - TITLE STATEMENT
Title lovelicious:and that'swhat love is/
Statement of responsibility, etc By Anmol arora
260 ## - PUBLICATION, DISTRIBUTION, ETC. (IMPRINT)
Place of publication, distribution, etc New delhi
Date of publication, distribution, etc 2016
Name of publisher, distributor, etc The book line
270 ## - ADDRESS
City New delhi
Address 106,4787/23, 1st floor, ansari road, darya ganj
Postal code 110002
300 ## - PHYSICAL DESCRIPTION
Extent 142p.
Dimensions 18m(pbk)
942 ## - ADDED ENTRY ELEMENTS (KOHA)
Source of classification or shelving scheme Dewey Decimal Classification
Item type English Books
Call number suffix ARO
Classification part N
Holdings
Withdrawn status Lost status Not for loan Collection code Home library Current library Date acquired Source of acquisition Cost, normal purchase price Full call number Barcode Copy number Cost, replacement price Koha item type
      Fiction Shahdara Branch Shahdara Branch 25/10/2022 DBAD/PUB 195.00 N ARO EN-119066 1 195.00 English Books

© Delhi Public Library
Hit Counter
free hit counter